01227nam a22002777a 4500999001500000001000600015003000900021005001700030008004100047020001800088040003800106082002000144100002300164245008800187250001200275260005600287300004900343500002100392650003300413700002300446942001200469952011700481952011700598952011700715952011700832 c5564d556420895BD-DhUAP20201215120559.0201215t20012002ii a|||| |||| 001 0 eng d a9788120321540 aBD-DhUAPbEngcBD-DhUAPdBD-DhUAP 223a629.04 PAP  aPapacostas, C. S.  aTransportation engineering and planning / cC. S. Papacostas and P. D. Prevedouros. a3rd ed. aNew Delhi, India : bPHI Learning, cc2001 [2012]. axviii, 685 pages :billustrations ;c24 cm.  aIncludes index.  a Transportation engineering. aPrevedouros, P. D. 2ddccBK 00102ddc4070aUAPCLbUAPCLcGeneral Stacksd2020-12-15o629.04 PAPp3010020895r2020-12-15t1w2020-12-15yBK 00102ddc4070aUAPCLbUAPCLcGeneral Stacksd2020-12-15o629.04 PAPp3010020894r2020-12-15t2w2020-12-15yBK 00102ddc4070aUAPCLbUAPCLcGeneral Stacksd2020-12-15o629.04 PAPp3010020893r2020-12-15t3w2020-12-15yBK 00102ddc4070aUAPCLbUAPCLcGeneral Stacksd2020-12-15o629.04 PAPp3010020892r2020-12-15t4w2020-12-15yBK